书目信息 |
| 题名: |
线型计划与经济分析
|
|
| 作者: | DORFMAN 著 ;余国焘 译 | |
| 分册: | 下册 | |
| 出版信息: |
|
|
| 页数: | 307-646页 | |
| 开本: | 19cm | |
| 丛书名: | ||
| 单 册: | ||
| 中图分类: | F21 | |
| 科图分类: | ||
| 主题词: | 经济计划 | |
| 电子资源: | ||
| ISBN: | ||
| 000 | 00520nam0 2200181 45 | |
| 001 | 0404251338 | |
| 005 | 20060418084108.90 | |
| 010 | @dCNY1.60 | |
| 100 | @a20040425d km y0chiy0120 ea | |
| 101 | 0 | @achi |
| 200 | 1 | @a线型计划与经济分析@AXian Xing Ji Hua Yu Jing Ji Fen Xi@h下册@fR·DORFMAN等著@FR·DORFMAN deng zhu@g余国焘译 |
| 215 | @a307-646页@d19cm | |
| 606 | 0 | @a经济计划 |
| 690 | @aF21@v3 | |
| 701 | 0 | @aDORFMAN@4著 |
| 702 | 0 | @a余国焘@AYu Guo Tao@4译 |
| 801 | @aCN@bPftUser@c20060418 | |
| 905 | @f1@b47347@dF21@e8:2 | |
| 线型计划与经济分析.下册/R·DORFMAN等著/余国焘译 |
| 307-646页;19cm |
| ISBN :CNY1.60 |
| ● |
| 相关链接 |
|
|
|
|
正题名:线型计划与经济分析
索取号:F21/8:2
 
预约/预借
| 序号 | 登录号 | 条形码 | 馆藏地/架位号 | 状态 | 备注 |
| 1 | 0047346 | 202165673 | 密集书库/ [索取号:F21/8:2] | 在馆 | |
| 2 | 0047347 | 000203728 | 第一样本阅览室/ [索取号:F21/8:2] | 在馆 |